LEADER 01129cam0-22003611i-450- 001 990007931380403321 005 20081028112947.0 020 $aIT$b77-9316 035 $a000793138 035 $aFED01000793138 035 $a(Aleph)000793138FED01 035 $a000793138 100 $a20041013d1977----km-y0itay50------ba 101 0 $aita 102 $aIT 105 $ay-------001yy 200 1 $a<>Mattino e la politica internazionale$eil dibattito giornalistico sui problemi della pace dal novembre 1918 al giugno 1919$fAdolfo Sassi 210 $aNapoli$cEdizioni scientifiche italiane$d1977 215 $a249 p.$d24 cm 225 1 $aQuaderni della Facoltà di scienze politiche$fUniversità di Napoli$v3 676 $a070.4$v21$zita 700 1$aSassi,$bAdolfo$0294745 801 0$aIT$bUNINA$gRICA$2UNIMARC 901 $aBK 912 $a990007931380403321 952 $aO 2$b1677$fDSS 952 $adono prof. Di Renzo N. 35$b3230$fDDA 952 $aUniv. 24 (3)$b5187$fFSPBC 959 $aDSS 959 $aDDA 959 $aFSPBC 996 $aMattino e la politica internazionale$965984 997 $aUNINA LEADER 01082nam0-2200325---450- 001 990003917120403321 005 20060301113749.0 010 $a88-14-09432-2 035 $a000391712 035 $aFED01000391712 035 $a(Aleph)000391712FED01 035 $a000391712 100 $a20030910d2001----km-y0itay50------ba 101 0 $aita 102 $aIT 105 $ay---n---001yy 200 1 $aRepertorio della carta dei diritti fondamentali dell'unione europea$eannotato con i lavori preparatori e la giurisprudenza delle alte corti europee e della corte costituzionale italiana$fsotto la direzione di Massimo Panebianco 210 $aMilano$cGiuffrè$d2001 215 $aXXXII, 554 p.$d25 cm 676 $a341.481026$v21$zita 702 1$aPanebianco,$bMassimo 801 0$aIT$bUNINA$gRICA$2UNIMARC 901 $aBK 912 $a990003917120403321 952 $aD.I. VIII/991$b19977$fDEC 952 $aX Q 511$b44595*$fFGBC 959 $aDEC 959 $aFGBC 996 $aRepertorio della carta dei diritti fondamentali dell'unione europea$9515910 997 $aUNINA LEADER 03594nam 22006972 450 001 9910450555803321 005 20151005020620.0 010 $a1-107-12261-9 010 $a1-280-43037-0 010 $a0-511-17362-8 010 $a0-511-04142-X 010 $a0-511-15276-0 010 $a0-511-32768-4 010 $a0-511-49139-5 010 $a0-511-04756-8 035 $a(CKB)1000000000008154 035 $a(EBL)201802 035 $a(OCoLC)559155740 035 $a(SSID)ssj0000265931 035 $a(PQKBManifestationID)11200815 035 $a(PQKBTitleCode)TC0000265931 035 $a(PQKBWorkID)10300515 035 $a(PQKB)10489893 035 $a(UkCbUP)CR9780511491399 035 $a(MiAaPQ)EBC201802 035 $a(Au-PeEL)EBL201802 035 $a(CaPaEBR)ebr10063473 035 $a(CaONFJC)MIL43037 035 $a(OCoLC)56317528 035 $a(EXLCZ)991000000000008154 100 $a20090302d2001|||| uy| 0 101 0 $aeng 135 $aur||||||||||| 181 $ctxt$2rdacontent 182 $cc$2rdamedia 183 $acr$2rdacarrier 200 10$aUS foreign policy and the Iran hostage crisis /$fDavid Patrick Houghton$b[electronic resource] 210 1$aCambridge :$cCambridge University Press,$d2001. 215 $a1 online resource (xi, 252 pages) $cdigital, PDF file(s) 225 1 $aCambridge studies in international relations ;$v75 300 $aTitle from publisher's bibliographic system (viewed on 05 Oct 2015). 311 $a0-521-80509-0 311 $a0-521-80116-8 320 $aIncludes bibliographical references (p. 229-241) and index. 327 $aJimmy Carter and the tragedy of foreign policy -- Locating the argument: review of the existing literature -- The origins of the crisis -- The waiting game -- Days of decision: the hostage rescue mission -- Hostages to history -- Some alternative explanations: non-analogical accounts of the Iran decision-making -- Dramatis Personae -- The major historical analogies used. 330 $aWhy did a handful of Iranian students seize the American embassy in Tehran in November 1979? Why did most members of the US government initially believe that the incident would be over quickly? Why did the Carter administration then decide to launch a rescue mission, and why did it fail so spectacularly? US Foreign Policy and the Iran Hostage Crisis examines these puzzles and others, using an analogical reasoning approach to decision-making, a theoretical perspective which highlights the role played by historical analogies in the genesis of foreign policy decisions. Using interviews with key decision-makers on both sides, Houghton provides an analysis of one of the United States' greatest foreign policy disasters, the events of which continue to poison relations between the two states. The book will be of interest to students and scholars of foreign policy analysis and international relations. 410 0$aCambridge studies in international relations ;$v75. 517 3 $aUS Foreign Policy & the Iran Hostage Crisis 606 $aIran Hostage Crisis, 1979-1981 607 $aUnited States$xForeign relations$y1977-1981$xDecision making 607 $aUnited States$xForeign relations$zIran 607 $aIran$xForeign relations$zUnited States 615 0$aIran Hostage Crisis, 1979-1981. 676 $a955.05/42 700 $aHoughton$b David Patrick$01047682 801 0$bUkCbUP 801 1$bUkCbUP 906 $aBOOK 912 $a9910450555803321 996 $aUS foreign policy and the Iran hostage crisis$92475420 997 $aUNINA